000
00296nam a22001217a 4500
008
180309b xxu||||| |||| 00| 0 eng d
041
_a
eng
080
_a
94
100
_a
16
101
_a
HIS
245
_a
Cloak and dollar a history of american secret intelligence
_c
Jones,R.J
942
_2
udc
_c
BK
999
_c
44609
_d
44609